
Library Catalogue

| 000 -LEADER | |
|---|---|
| fixed length control field | 00936cam a2200253 i 4500 |
| 005 - DATE AND TIME OF LATEST TRANSACTION | |
| control field | 20260525102417.0 |
| 008 - FIXED-LENGTH DATA ELEMENTS--GENERAL INFORMATION | |
| fixed length control field | 160506s2016 ii 000 m eng d |
| 020 ## - INTERNATIONAL STANDARD BOOK NUMBER | |
| International Standard Book Number | 9780199460625 (hbk.) |
| 082 04 - DEWEY DECIMAL CLASSIFICATION NUMBER | |
| Classification number | 894.827 PUR |
| 245 04 - TITLE STATEMENT | |
| Title | Telugu dalit writing : |
| Remainder of title | the Oxford India anthology of / |
| Statement of responsibility, etc. | edited by K. Purushotham, Gita Ramaswamy and Gogu Shyamala |
| 264 #1 - PRODUCTION, PUBLICATION, DISTRIBUTION, MANUFACTURE, AND COPYRIGHT NOTICE | |
| Place of production, publication, distribution, manufacture | New Delhi : |
| Name of producer, publisher, distributor, manufacturer | Oxford University Press, |
| Date of production, publication, distribution, manufacture, or copyright notice | 2016. |
| 300 ## - PHYSICAL DESCRIPTION | |
| Extent | xl, 348 p. ; |
| Dimensions | 23 cm. |
| 365 ## - TRADE PRICE | |
| Price amount | RS.995 |
| 505 ## - Contents | |
| Contents | SONGS ;<br/>POETRY ;<br/>SHORT STORIES ;<br/>EXCERPTS FROM NOVELS ;<br/>EXCERPT FROM A PLAY ;<br/>PERSONAL NARRATIVES ;<br/>ARCHIVES ;<br/>ESSAYS . |
| 650 #0 - SUBJECT ADDED ENTRY--TOPICAL TERM | |
| Topical term or geographic name entry element | Telugu literature |
| 650 #0 - SUBJECT ADDED ENTRY--TOPICAL TERM | |
| Topical term or geographic name entry element | Dalit authors |
| 650 #0 - SUBJECT ADDED ENTRY--TOPICAL TERM | |
| Topical term or geographic name entry element | Telugu 21st century |
| 700 1# - ADDED ENTRY--PERSONAL NAME | |
| Personal name | Purushotham, K. |
| 700 1# - ADDED ENTRY--PERSONAL NAME | |
| Personal name | Ramaswamy, Gita. |
| 700 1# - ADDED ENTRY--PERSONAL NAME | |
| Personal name | Shyamala, Gogu. |
| 906 ## - LOCAL DATA ELEMENT F, LDF (RLIN) | |
| a | 7 |
| b | cbc |
| c | copycat |
| d | 3 |
| e | ncip |
| f | 20 |
| g | y-gencatlg |
| 942 ## - ADDED ENTRY ELEMENTS (KOHA) | |
| Source of classification or shelving scheme | Dewey Decimal Classification |
| Koha item type | BOOKs |
| Withdrawn status | Lost status | Source of classification or shelving scheme | Materials specified (bound volume or other part) | Damaged status | Not for loan | Home library | Current library | Shelving location | Date acquired | Source of acquisition | Total Checkouts | Full call number | Barcode | Date last seen | Date last checked out | Price effective from | Koha item type |
|---|---|---|---|---|---|---|---|---|---|---|---|---|---|---|---|---|---|
| Dewey Decimal Classification | HB | NLS | NLS | General Stacks | 30/12/2018 | Purchased | 2 | 894.827 PUR | 36191 | 09/09/2023 | 02/09/2023 | 30/12/2020 | BOOKs |